书目信息 |
| 题名: |
3DS MAX 3.0基础
|
|
| 作者: | 赵守香 编著 | |
| 分册: | ||
| 出版信息: | 北京 科学出版社 2000.06 |
|
| 页数: | 240页 | |
| 开本: | 16开 | |
| 丛书名: | ||
| 单 册: | ||
| 中图分类: | TP391.41 | |
| 科图分类: | ||
| 主题词: | 计算机应用 | |
| 电子资源: | ||
| ISBN: | 7-03-008399-7 | |
| 000 | 00552nam0 2200193 45 | |
| 001 | 0011280930 | |
| 005 | 20001128090333.3 | |
| 010 | @a7-03-008399-7@d22.00元 | |
| 100 | @a20001128d2000 km y0chiy0120 ea | |
| 101 | 0 | @achi |
| 105 | @a z 000yy | |
| 200 | 1 | @a3DS MAX 3.0基础@A3DS MAX 3.0 Ji Chu@f赵守香等编著@FZhao Shou Xiang Deng Bian Zhu |
| 210 | @a北京@c科学出版社@d2000.06 | |
| 215 | @a240页@d16开 | |
| 606 | 0 | @a计算机应用 |
| 690 | @aTP391.41@v3 | |
| 701 | 0 | @a赵守香@4编著 |
| 801 | @aCN@bPftUser@c20001128 | |
| 905 | @b506078@dTP391.41@eZH899@f1 | |
| 3DS MAX 3.0基础/赵守香等编著.-北京:科学出版社,2000.06 |
| 240页;16开 |
| ISBN 7-03-008399-7:22.00元 |
| ● |
| 相关链接 |
|
|
|
正题名:3DS MAX 3.0基础
索取号:TP391.41/ZH899
 
预约/预借
| 序号 | 登录号 | 条形码 | 馆藏地/架位号 | 状态 | 备注 |
| 1 | 506078 | 202028947 | 自科二线504/504自科库 27排1列1层/ [索取号:TP391.41/ZH899] | 在馆 |